Detalles MARC
| 000 -ENCABEZADO |
| Número de control [NR] |
02424nam a2200289 4500 |
| 005 - FECHA Y HORA DE LA ÚLTIMA TRANSACCIÓN |
| control field |
20240422122740.0 |
| 008 - DE LONGITUD FIJA DE DATOS DE ELEMENTOS - INFORMACIÓN GENERAL |
| Elementos de longitud fija [NR] |
240119s1923 fr a|||fr|||| 00| f fre d |
| 040 ## - FUENTE DE CATALOGACION [NR] |
| Agencia de catalogación original [NR] |
CO-BoUCM |
| Idioma de catalogación [NR] |
spa |
| Quien Cataloga |
Sandra Yazo |
| Quien Clasifica |
Sandra Yazo |
| 041 0# - CODIGO DE IDIOMA [R] |
| Código de idioma para texto/pista de sonido o título separado [R] |
Francés |
| 082 04 - NUMERO DE CLASIFICACION DECIMAL DEWEY [R] |
| Número de la edición [NR] |
20 |
| Número de clasificación [R] |
843 |
| 092 ## - SIGNATURA TOPOGRAFICA LOCAL |
| Número de clasificación local |
E53N012 |
| 100 1# - ASIENTO PRINCIPAL--NOMBRE PERSONAL [NR] |
| Nombre personal [NR] |
Haardt, Georges-Marie, |
| Fechas asociadas con el nombre [NR] |
1889-1932 |
| ID Autoridad |
180514 |
| 242 03 - TRADUCCION DEL TITULO POR LA AGENCIA CATALOGADORA [R] |
| Título [NR] |
La carrera Citroën. |
| Parte restante del título [NR] |
Primera travesía del Sahara en automóvil, de Touggourt a Timbuktú por la Atlántida. |
| Mención de responsabilidad, etc. [NR] |
Jorge-María Haardt ; Introducción de Andrés Citroën ; Ilustraciones de Bernardo Boutet de Monvel. |
| Código de idioma del título traducido [NR] |
spa |
| 245 13 - MENCION DE TITULO [NR] |
| Título [NR] |
Le raid Citroën. |
| Parte restante del título [NR] |
La première traversée du Sahara en automobile, de Touggourt à Tombouctou par l’Atlantide. |
| Mención de responsabilidad, etc. [NR] |
Georges-Marie Haardt ; Introduction de M. André Citroën ; Illustrations de Bernard Boutet de Monvel. |
| 260 ## - PUBLICACION, DISTRIBUCION, ETC. (PIE DE IMPRENTA) [R] |
| Lugar de publicación, distribución, etc. [R] |
París (Francia) |
| Nombre del editor, distribuidor, etc. [R] |
Librairie Plon ; Plon-Nourrit et Cie [Librería Plon ; Plon-Nourrit y Cia.] |
| Fecha de publicación, distribución, etc. [R] |
1923 |
| 300 ## - DESCRIPCION FISICA [R] |
| Extensión [R] |
307, [1] páginas |
| Dimensiones [R] |
18 x 11 cm. |
| 500 ## - NOTA GENERAL [R] |
| Nota general [NR] |
Detalles físicos: Sin encuadernación original, actualmente, encuadernación rígida (holandesa): cartón forrado en papel; lomo de tela con letras y líneas decorativas en dorado. Guardas. Anteportada. En frontispicio de la portada, hoja de papel satinado con fotografía de los autores. Portada, impresa en una sola tinta, grabado con la marca tipográfica del editor-impresor. Dedicatoria. Texto impreso en una sola columna, con diferentes tipos y tamaños de letra. Notas de pie de página. Fotografías (fuera del texto) e ilustraciones (grabados) en el texto. Mapa plegable del Sahara. Índice. Papel oxidado en los bordes. Guarda posterior, rasgada. |
| 505 0# - NOTA DE CONTENIDO CON FORMATO PREESTABLECIDO [R] |
| Nota de contenido con formato preestablecido [NR] |
Introducción ; Antes de partir ; Misión ; De Touggourt a In Salah, el gran oasis del desierto, por la meseta de Tademaït ; Rumbo a Hoggar, por las llanutas de Tidikelt ; Tanezrouft, el país de la sed ; Por las estepas del Sudán, hacia el Nígel y Timbuktú ; Timbiktú ; Por el Níger ; Regreso por el camino nuevo del Sahara ; Parada en el centro de Haggar, país del miedo |
| 506 ## - NOTA DE RESTRICCIONES DE ACCESO [R] |
| Condiciones de acceso [NR] |
Consulta en sala |
| 546 ## - NOTA DE IDIOMA [R] |
| Nota de idioma [NR] |
Texto en francés |
| 650 #7 - ASIENTO SECUNDARIO DE MATERIA - TERMINO TEMATICO [R] |
| 9 (RLIN) |
20487 |
| Término temático o nombre geográfico como elemento de entrada [NR] |
Novela de aventuras |
| Subdivisión general [R] |
Siglos XIX-XX |
| 650 #7 - ASIENTO SECUNDARIO DE MATERIA - TERMINO TEMATICO [R] |
| 9 (RLIN) |
23490 |
| Término temático o nombre geográfico como elemento de entrada [NR] |
Relatos de viajes |
| Subdivisión geográfica [R] |
Africa |
| 650 #7 - ASIENTO SECUNDARIO DE MATERIA - TERMINO TEMATICO [R] |
| 9 (RLIN) |
7508 |
| Término temático o nombre geográfico como elemento de entrada [NR] |
Descripciones y viajes |
| Subdivisión general [R] |
Literatura francesa |
| 690 ## - ASUNTO AGREGADO LOCAL DE ENTRADA - TÉRMINO TEMÁTICO (OCLC, RLIN) |
| Acceso temático local |
Literatura europea |
| 9 (RLIN) |
26524 |
| 700 1# - ASIENTO SECUNDARIO - NOMBRE PERSONAL [R] |
| Nombre personal [NR] |
Audouin-Dubreuil, Louis |
| Fechas asociadas con el nombre [NR] |
1887-1960 |
| 9 (RLIN) |
180517 |
| 942 ## - ELEMENTOS DE ENTRADA AGREGADOS (KOHA) |
| Sistema de clasificación |
LOCAL |
| Tipo de ítem principal el descrito en 300a |
Libro |
| Edición |
1 |
| Clasificación |
E53N012 |